Statistics for Largest American Cities Without a Major League Sports Team

Click here to take the quiz!

General Stats

  • This quiz has been taken 2,389 times
    (998 since last reset)
  • The average score is 10 of 15

Answer Stats

PositionPopulationStateAnswer% Correct
312,115,827TXAustin
89%
56988,650HIHonolulu
81%
471,210,259CTHartford
79%
451,293,953KY-INLouisville
76%
441,294,204VARichmond
76%
491,149,807ALBirmingham
75%
381,621,122RI-MAProvidence
75%
541,022,769AZTucson
72%
55990,706OKTulsa
72%
371,725,246VA-NCVirginia Beach/Norfolk
64%
511,077,948NYRochester
60%
55989,255CAFresno
59%
521,059,113MIGrand Rapids
51%
134,580,670CASan Bernardino/Riverside
49%
57949,921CTBridgeport
48%

Score Distribution

Percentile by Number Answered

Percent of People with Each Score

Your Score History

You have not taken this quiz since the last reset